00316nam a2200121Ia 4500008004000000020001800040082001300058100002000071245002500091260005500116300001100171650001200182210210b1983 xxu||||| |||| 00| 0 eng d a0 675 20047 4 a428 NEMW aNEMAN (Beth S). aWriting effectively. aLondonbCharles E Merrill Publishing companyc1983 axi,596 aWriting